| 000 | 00880nam a2200229 i 4500 | ||
|---|---|---|---|
| 001 | 78991 | ||
| 003 | ES-MaACL | ||
| 005 | 20230906173854.0 | ||
| 007 | t| | ||
| 008 | 041018m19551957sp ||||1| spa d | ||
| 100 | 1 |
_aKirst, Hans Hellmut. _968145 |
|
| 245 | 1 | 0 |
_aCero-ocho quince : _b[trilogía] / _cHans Hellmut Kirst ; [traducción de alemán por E. Donato y Prunera]. |
| 250 | _a1ª ed. | ||
| 260 |
_aBarcelona : _bDestino, _c1955-1957 ( _fAgustín Núñez) |
||
| 300 |
_a3 v. ; _c19 cm. |
||
| 505 | 8 | _aContiene: 1. La original rebelión del cabo Asch - 2. Aventuras bélicas del sargento Asch - 3. La última rebelión del teniente Asch | |
| 700 | 1 |
_aDonato Prunera, E. _945296 |
|
| 740 | 3 | 2 | _aLa original rebelión del cabo Asch. |
| 740 | 0 | 2 | _aAventuras bélicas del sargento Asch. |
| 740 | 3 | 2 | _aLa última rebelión del teniente Asch. |
| 852 | 4 |
_aES-MaACL _jC-14275-77 |
|
| 999 |
_c78991 _d78991 |
||